Brazil Immigration By Country - Extreme - Statistics

General Stats
  • This quiz has been taken 45 times
    20 since last reset
  • The average score is 45 of 54
Answer Stats
Total Country % Correct
198,250 Argentina
100%
190,880 Bolivia
100%
36,100 Chile
100%
87,500 Colombia
100%
81,960 Cuba
100%
30,500 Dominican Republic
100%
16,200 Guyana
100%
46,500 Mexico
100%
96,800 Paraguay
100%
195,220 Portugal
100%
60,590 Spain
100%
29,600 United Kingdom
100%
115,630 United States
100%
59,660 Uruguay
100%
645,000 Venezuela
100%
14,050 Ecuador
93%
45,030 France
93%
77,600 Germany
93%
205,600 Haiti
93%
102,000 Italy
93%
49,000 Peru
93%
108,330 Russia
93%
5,200 Suriname
93%
48,900 Angola
86%
106,700 China
86%
10,920 Greece
86%
11,200 Honduras
86%
57,000 India
86%
5,100 Iran
86%
68,900 Japan
86%
15,000 Mozambique
86%
18,700 Netherlands
86%
16,700 Nicaragua
86%
6,640 Pakistan
86%
15,450 Poland
86%
13,100 Ukraine
86%
5,450 Guatemala
79%
19,000 Jamaica
79%
34,600 Lebanon
79%
28,670 Philippines
79%
37,600 South Korea
79%
24,000 Senegal
71%
31,040 Syria
71%
5,950 Vietnam
71%
12,730 Afghanistan
64%
6,800 El Salvador
64%
12,000 Nigeria
64%
7,300 Bangladesh
57%
19,500 DR Congo
57%
11,260 Ghana
57%
10,500 Bulgaria
50%
10,100 Guinea
50%
8,500 Somalia
50%
13,400 Guinea-Bissau
43%
No matching quizzes found
Score Distribution
Percent of People with Each Score
Percentile by Number Answered
Your Score History
You have not taken this quiz since the last reset